000 01794nam a2200445 c 4500
003 BLK
005 20240623004110.0
008 180411b bul|||||r ||||||| ||bul||
010 _aKNG00188038000
020 _a978-954-01-3151-1
_bиздат.: Просвета
040 _aBLK
041 _aBUL
_cBUL
072 7 _2bullib
_aН82
_xЛитературознание Н
080 _aБългарска литература
_b821.163.2
_x(092)
_z821.163.2(092)
080 _aБългарска литература
_b821.163.2
_x.09
_z821.163.2.09
080 _aБългарски писател
_b929 Елин Пелин
_x
_z929 Елин Пелин
100 1 _aКоларов, Радосвет Стефанов
_eпърви автор
_9363815
139 _aКоларов, Радосвет Стефанов
_bЕ 53
245 1 0 _aЕлин Пелин
_cРадосвет Стефанов Коларов.
257 _aBGR
260 София
_bПросвета
_c2016
_fСофия : Монт
300 _a200 с.
_c20 см
380 _a82
490 1 _aНова българска критика
500 _aБиогр. данни за авт.
600 0 _aЕлин Пелин
_qСтоянов, Димитър Иванов
_9363511
650 0 _aПисатели, български
_9241944
650 4 _aБългарска литература
_9243597
653 _aбългарски писатели
653 _aлитературна критика
653 _aбългарска литература
653 _aЕлин Пелин
659 _aН
852 _aЦб 280684
856 4 _qpdf
_u
856 4 _qpdf
_u
942 _cKNG
_n0
944 _aCR
_c28.05.2016
_k
_lCRON CRON
944 _aED
_c17.12.2016
_kПенка_Димитрова
999 _c179259
_d179259